| 000 | 00000nam 2200000zi 4500 |
| 001 | 9.929267 |
| 003 | CaOODSP |
| 005 | 20240415135004 |
| 006 | m o d f |
| 007 | cr cn||||||||| |
| 008 | 231020t20242024onca o f000 0 eng d |
| 020 | |a9780660684093 |
| 040 | |aCaOODSP|beng|erda|cCaOODSP |
| 043 | |an-cn--- |
| 086 | 1 |aFs23-549/4-12-2023E-PDF |
| 245 | 00|aHighs and lows of large marine invertebrates : |bmarine invertebrates play essential roles in ecosystems, greatly contributing to the ecological and economic services upon which people depend. |
| 264 | 1|a[Ottawa] : |bFisheries and Oceans Canada = Pêches et océans Canada, |c[2024] |
| 264 | 4|c©2024 |
| 300 | |a1 online resource (1 page) : |bcolour illustrations |
| 336 | |atext|btxt|2rdacontent |
| 337 | |acomputer|bc|2rdamedia |
| 338 | |aonline resource|bcr|2rdacarrier |
| 500 | |aIssued also in French under title: Les hauts et les bas des grands invertébrés marins : les invertébrés marins jouent des rôles essentiels dans les écosystèmes, contribuant grandement aux services écologiques et économiques dont dépendent les populations humaines. |
| 500 | |aCaption title. |
| 650 | 0|aMarine invertebrates|zAtlantic Coast (Canada) |
| 650 | 0|aMarine ecology|zAtlantic Coast (Canada) |
| 710 | 1 |aCanada. |bDepartment of Fisheries and Oceans, |eissuing body. |
| 775 | 08|tLes hauts et les bas des grands invertébrés marins : |w(CaOODSP)9.929268 |
| 856 | 40|qPDF|s5.15 MB|uhttps://publications.gc.ca/collections/collection_2024/mpo-dfo/Fs23-549-4-12-2023-eng.pdf |
| 856 | 4 |qHTML|sN/A|uhttps://www.dfo-mpo.gc.ca/about-notre-sujet/publications/infographics-infographies/soto-rceo/2022/7-invertebrates-invertebres-eng.html |